Diocles on burning mirrors : the arabic translation of the lost Greek original

Αποθηκεύτηκε σε:
Λεπτομέρειες βιβλιογραφικής εγγραφής
Άλλοι συγγραφείς: Toomer, G. J. (Επιμελητής έκδοσης)
Μορφή: Βιβλίο
Γλώσσα:English
Greek
Δημοσίευση: Berlin : Springer-Verlag, 1976.
Σειρά:Sourcesand studies in the history of mathematics and physical sciences ; 1
Θέματα:
Ετικέτες: Προσθήκη ετικέτας
Δεν υπάρχουν, Καταχωρήστε ετικέτα πρώτοι!

MARC

LEADER 00000cam a2200000 i 4500
001 1/59282
008 941103s1976 gw ||| | eng||
020 |a 3540074783 
035 |a 1987  |l 10046054 
040 |a GR-MyUA  |b gre  |e AACR2 
041 1 |a eng  |h gre 
082 0 |a 516.23  
245 1 0 |a Diocles on burning mirrors :  |b the arabic translation of the lost Greek original /   |c edited, with English translation and commentary by G.J. Toomer.  
260 |a Berlin :   |b Springer-Verlag,   |c 1976.  
300 |a 249 σ. ;   |c 24 εκ.  
490 1 |a (Sources in the history of mathematics and physical sciences   |v ; 1) 
504 |a Περιέχει ευρετήριο.  
650 0 0 |a Mathematics, Greek. 
650 0 0 |a Conic sections  |x Early works to 1800. 
650 0 0 |a Geometrical optics. 
700 1 |a Toomer, G. J.  |e edt 
830 0 |a Sourcesand studies in the history of mathematics and physical sciences ;  |v  1 
852 |a INST  |b SAMOS  |e 19941103  |h 516.23 DIO  |p 005300000934  |q 005300000934  |t BK  |y 0 
909 |a Σ  |b 007338